Acumulación de capital y empresas transnacionales en Centroamérica / (Record no. 6195)
[ view plain ]
| 000 -CABECERA | |
|---|---|
| campo de control de longitud fija | 01001cam a2200301 a 4500 |
| 001 - NÚMERO DE CONTROL | |
| campo de control | 000006400 |
| 003 - IDENTIFICADOR DEL NÚMERO DE CONTROL | |
| campo de control | OSt |
| 005 - FECHA Y HORA DE LA ÚLTIMA TRANSACCIÓN | |
| campo de control | 20200929153927.0 |
| 008 - DATOS DE LONGITUD FIJA--INFORMACIÓN GENERAL | |
| campo de control de longitud fija | 810821s1980 mx b 001 0 spa |
| 020 ## - NÚMERO INTERNACIONAL ESTÁNDAR DEL LIBRO | |
| Número Internacional Estándar del Libro | 9682309956 |
| 040 ## - FUENTE DE LA CATALOGACIÓN | |
| Centro catalogador/agencia de origen | DO-SdBNP |
| Lengua de catalogación | spa |
| Centro/agencia transcriptor | BNPHU |
| 082 ## - NÚMERO DE LA CLASIFICACIÓN DECIMAL DEWEY | |
| Número de clasificación | 338.88 |
| Número de documento/Ítem | C352a |
| 100 1# - ENTRADA PRINCIPAL--NOMBRE DE PERSONA | |
| Nombre de persona | Castillo Rivas, Donald. |
| 9 (RLIN) | 17785 |
| 245 10 - MENCIÓN DE TÍTULO | |
| Título | Acumulación de capital y empresas transnacionales en Centroamérica / |
| Mención de responsabilidad, etc. | Donald Castillo Rivas. |
| 260 ## - PUBLICACIÓN, DISTRIBUCIÓN, ETC. | |
| Lugar de publicación, distribución, etc. | México : |
| Nombre del editor, distribuidor, etc. | Siglo Veintiuno, |
| Fecha de publicación, distribución, etc. | 1980. |
| 300 ## - DESCRIPCIÓN FÍSICA | |
| Extensión | 277 p. ; |
| Dimensiones | 18 cm. |
| 490 ## - MENCIÓN DE SERIE | |
| Mención de serie | Sociología y política ; |
| 504 ## - NOTA DE BIBLIOGRAFÍA, ETC. | |
| Nota de bibliografía, etc. | Bibliografía : p. 269-277 |
| 586 ## - NOTA DE PREMIOS | |
| Nota de premios | Premio Ensayo siglo XXI, 1980 |
| 590 ## - NOTA LOCAL (RLIN) | |
| Nota local | Inventariado, 2020/ YL |
| 650 #4 - PUNTO DE ACCESO ADICIONAL DE MATERIA--TÉRMINO DE MATERIA | |
| Término de materia o nombre geográfico como elemento de entrada | Compañías extranjeras |
| Subdivisión geográfica | América Central |
| 9 (RLIN) | 17786 |
| 650 #4 - PUNTO DE ACCESO ADICIONAL DE MATERIA--TÉRMINO DE MATERIA | |
| Término de materia o nombre geográfico como elemento de entrada | Empresas internacionales |
| Subdivisión geográfica | América Central |
| 9 (RLIN) | 17787 |
| 651 #4 - PUNTO DE ACCESO ADICIONAL DE MATERIA--NOMBRE GEOGRÁFICO | |
| Nombre geográfico | América Central |
| Subdivisión general | Condiciones Económicas |
| 9 (RLIN) | 17788 |
| 830 #0 - PUNTO DE ACCESO ADICIONAL DE SERIE-TÍTULO UNIFORME | |
| Título uniforme | Sociología y política |
| 9 (RLIN) | 17789 |
| 910 ## - DATOS DE OPCIÓN DEL USUARIO (OCLC) | |
| Datos de opción del usuario | En proceso |
| 942 ## - ELEMENTOS DE PUNTO DE ACCESO ADICIONAL (KOHA) | |
| Fuente del sistema de clasificación o colocación | Dewey Decimal Classification |
| Tipo de ítem Koha | Libros y folletos |
| 956 ## - LOCALIZACIÓN Y ACCESO ELECTRÓNICOS LOCAL (OCLC) | |
| Nombre del host | YLOCKWARD |
| Estado de retiro | Estado de pérdida | Fuente del sistema de clasificación o colocación | Restricciones de uso | No para préstamo | Código de colección | Localización permanente | Ubicación/localización actual | Ubicación en estantería | Fecha de adquisición | Fuente de adquisición | Número de inventario | Total de préstamos | Signatura topográfica completa | Código de barras | Fecha visto por última vez | Precio válido a partir de | Tipo de ítem Koha | Número de copia |
|---|---|---|---|---|---|---|---|---|---|---|---|---|---|---|---|---|---|---|
| Dewey Decimal Classification | Excluido de préstamo | Monografías: Libros y Folletos | General | General | En catalogación | 28.08.2009 | Compra, Librería La Trinitaria | LF1 | 338.88 C352a | 6400-10 | 25.06.2020 | 25.06.2020 | No se presta | |||||
| Extraviado | Dewey Decimal Classification | Excluido de préstamo | Monografías: Libros y Folletos | General | General | En catalogación | 07.12.2009 | Donación | LF1 | 338.88 C352a | 6400-20 | 25.06.2020 | 25.06.2020 | No se presta | e. 2 | |||
| Extraviado | Dewey Decimal Classification | Monografías: Libros y Folletos | General | General | Extraviado | 19.04.2017 | LF1 | 338.88 C352a | 6400-30 | 25.06.2020 | 25.06.2020 | Préstamo en sala | e. 3 |
